000 00316nam a2200109Ia 4500
008 171204s9999 xx 000 0 und d
245 _aProgramming FPGAs: Getting Started with Verilog:
245 _cSimon Monk
260 _c2016
650 _xProgramming 1-13
856 _uhttp://down.ebook777.com/056/125964376X.pdf
999 _c345910
_d345910